000 00348nam a22001217a 4500
999 _c1789
_d1789
005 20200903144553.0
008 200903b ||||| |||| 00| 0 eng d
020 _a0805356827
040 _cCML
245 _aPhysical Chemistry.
_cLaidler, K.J.
260 _aLondon
_bBenjamin Company
_c1916
942 _2ddc
_cBK
_e1st Edition
_h541
_mLAI